| 000 | 00418cam a2200145 4500500 | ||
|---|---|---|---|
| 005 | 20251012033932.0 | ||
| 041 | _afre | ||
| 042 | _adc | ||
| 100 | 1 | 0 |
_aJovelet, Georges _eauthor |
| 245 | 0 | 0 | _aPages de début |
| 260 | _c2005. | ||
| 500 | _a44 | ||
| 786 | 0 | _nPsy Cause | º39 | 1 | 2005-01-01 | p. 1-1 | 1245-2394 | |
| 856 | 4 | 1 | _uhttps://shs.cairn.info/revue-psy-cause-2005-1-page-1?lang=fr&redirect-ssocas=7080 |
| 999 |
_c1548208 _d1548208 |
||